LEADER 01477nam 2200385 n 450 001 996383799003316 005 20221108054755.0 035 $a(CKB)1000000000596501 035 $a(EEBO)2240904303 035 $a(UnM)99840702 035 $a(EXLCZ)991000000000596501 100 $a19910228d1610 uy | 101 0 $aeng 135 $aurbn||||a|bb| 200 10$aChesters triumph in honor of her prince$b[electronic resource] $eAs it was performed vpon S. Georges Day 1610. in the foresaid citie 210 $aLondon $cPrinted [by William Stansby] for I. B[rowne] and are to be sold in Saint Dunstanes Church-yard in Fleete-streete$d1610 215 $a[28] p 300 $aPrinter's and publisher's names from STC. 300 $aSignatures: A-C⁴ D² . 300 $aDedication signed: Ri. Dauies. 300 $aVerse by Davies, with a description of the pageant staged in honor of Henry Frederick Prince of Wales by Robert Amerie. 300 $aReproduction of the original in the Henry E. Huntington Library and Art Gallery. 330 $aeebo-0113 700 $aDavies$b Richard$ffl. 1610.$01020085 701 $aAmerie$b Robert$01020086 701 $aHenry Frederick$cPrince of Wales,$f1594-1612.$01017874 801 0$bCu-RivES 801 1$bCu-RivES 801 2$bUk-ES 801 2$bCStRLIN 801 2$bWaOLN 906 $aBOOK 912 $a996383799003316 996 $aChesters triumph in honor of her prince$92409162 997 $aUNISA LEADER 01078nam0 22002771i 450 001 RML0315292 005 20231121125753.0 100 $a20121121d1979 ||||0itac50 ba 101 | $aita 102 $ait 181 1$6z01$ai $bxxxe 182 1$6z01$an 200 1 $aSpazio e tempo nella fisica contemporanea$euna introduzione alla teoria della relativit e della gravitazione$fMoritz Schlick$gprefazionedi Ludovico Geymonat 210 $aNapoli $cBibliopolis $d1979 215 $a95 p.$d22 cm 606 $aRelativit$xGravita$2FIR$3RMLC423226$9I 676 $a530.11$9$v21 700 1$aSchlick$b, Moritz$3RMLV176493$050419 801 3$aIT$bIT-01$c20121121 850 $aIT-FR0017 899 $aBiblioteca umanistica Giorgio Aprea$bFR0017 912 $aRML0315292 950 0$aBiblioteca umanistica Giorgio Aprea$d 52CIS 9/1187$e 52VM 0000858665 VM barcode:00080690. - Inventario:896 FSSVM$fA $h20101203$i20121204 977 $a 52 996 $aSpazio e tempo nella fisica contemporanea$9194487 997 $aUNICAS